[Event "Catalunya-ch"]
[Site "Vila Seca"]
[Date "2019.04.21"]
[Round "7"]
[White "Biosca Caballe, Nestor"]
[Black "Garcia Espelta, Josep"]
[Result "0-1"]
[WhiteElo "1864"]
[BlackElo "2037"]
[PlyCount "80"]
[EventDate "2019.04.18"]
[EventType "swiss"]
[EventRounds "8"]
[EventCountry "ESP"]
[SourceTitle "CBM 189 Extra"]
[Source "ChessBase"]
[SourceDate "2019.05.31"]
[SourceVersion "1"]
[SourceVersionDate "2019.05.31"]
[SourceQuality "1"]

1. e4 c5 2. Nf3 e6 3. d4 cxd4 4. Nxd4 a6 5. g3 d5 6. e5 Nc6 7. f4 Nxd4 8. Qxd4 Qc7 9. Nc3 Bc5 10. Qa4+ Bd7 11. Bb5 Rc8 12. Bxd7+ Qxd7 13. Qxd7+ Kxd7 14. Bd2 Ne7 15. 0-0-0 h5 16. Rhe1 Nf5 17. Kb1 Rc6 18. Bc1 Bb4 19. Bd2 Kc8 20. Ne4 Be7 21. Ng5 Bxg5 22. fxg5 Rc4 23. Bf4 Kd7 24. h4 Rhc8 25. c3 g6 26. Re2 b5 27. Rd3 a5 28. a3 b4 29. axb4 axb4 30. cxb4 Rxb4 31. b3 Rcb8 32. Rb2 Re4 33. Ra2 Rb7 34. Ra6 Reb4 35. Ka2 Re4 36. Ra8 Re2+ 37. Ka3 d4 38. Rf8 Kc6 39. b4 Kd5 40. Rb3 Ra7# 0-1

[Event "Masdenverge op 6th"]
[Site "Masdenverge"]
[Date "2017.07.02"]
[Round "7"]
[White "Biosca Caballe, Nestor"]
[Black "Fosch Ferre, Arnau"]
[Result "0-1"]
[WhiteElo "1952"]
[BlackElo "1698"]
[PlyCount "42"]
[EventDate "2017.06.30"]
[EventType "swiss"]
[EventRounds "7"]
[EventCountry "ESP"]
[SourceTitle "EXT 2019"]
[Source "ChessBase"]
[SourceDate "2018.10.10"]
[SourceVersion "1"]
[SourceVersionDate "2018.10.10"]
[SourceQuality "1"]

1. e4 c5 2. Nf3 a6 3. d4 cxd4 4. Nxd4 Nf6 5. Nc3 e5 6. Nf3 Bb4 7. Bd2 0-0 8. Bd3 Bxc3 9. bxc3 d5 10. Qe2 Bg4 11. Rd1 Qc7 12. 0-0 Nbd7 13. exd5 e4 14. Bxe4 Rfe8 15. d6 Qc8 16. Bxh7+ Nxh7 17. Qd3 Nc5 18. Qd5 Nf6 19. Qc4 b5 20. Qf4 Re4 21. Qg5 Ne6 0-1

[Event "Amposta Balague Memorial 3rd"]
[Site "Amposta"]
[Date "2016.08.07"]
[Round "9"]
[White "Sos Andreu, Eric"]
[Black "Biosca Caballe, Nestor"]
[Result "1-0"]
[WhiteElo "2369"]
[BlackElo "1984"]
[PlyCount "71"]
[EventDate "2016.08.01"]
[EventType "swiss"]
[EventRounds "9"]
[EventCountry "ESP"]
[SourceTitle "CBM 173 Extra"]
[Source "ChessBase"]
[SourceDate "2016.08.29"]
[SourceVersion "1"]
[SourceVersionDate "2016.08.29"]
[SourceQuality "1"]

1. d4 d5 2. c4 c6 3. Nf3 Nf6 4. e3 Bf5 5. cxd5 Nxd5 6. Nc3 e6 7. Bc4 Qa5 8. Bd2 Bb4 9. Rc1 b5 10. Bb3 Nxc3 11. Bxc3 Bxc3+ 12. Rxc3 Be4 13. 0-0 0-0 14. Ne5 Bd5 15. a3 f6 16. Nd3 Nd7 17. Nb4 Rac8 18. e4 Bc4 19. Bxc4 bxc4 20. Rxc4 c5 21. dxc5 Nxc5 22. Qc2 Rc7 23. Nd3 Na6 24. Rxc7 Qxc7 25. Qe2 Qb6 26. Nf4 Qd6 27. g3 Nc5 28. Qc4 g5 29. Ng2 Rd8 30. Ne3 Qe5 31. Ng4 Qd4 32. Rc1 Nxe4 33. Qxe6+ Kh8 34. Re1 Nd2 35. Qf5 Rf8 36. Re7 1-0

[Event "Amposta Balague Memorial 3rd"]
[Site "Amposta"]
[Date "2016.08.04"]
[Round "5"]
[White "Kovacevic, Slobodan"]
[Black "Biosca Caballe, Nestor"]
[Result "1-0"]
[WhiteElo "2303"]
[BlackElo "1984"]
[PlyCount "63"]
[EventDate "2016.08.01"]
[EventType "swiss"]
[EventRounds "9"]
[EventCountry "ESP"]
[SourceTitle "CBM 173 Extra"]
[Source "ChessBase"]
[SourceDate "2016.08.29"]
[SourceVersion "1"]
[SourceVersionDate "2016.08.29"]
[SourceQuality "1"]

1. d4 d5 2. Bf4 Nf6 3. e3 g6 4. c3 Bg7 5. Nd2 Nbd7 6. b4 a5 7. Ngf3 0-0 8. Bd3 axb4 9. cxb4 c6 10. 0-0 Ra3 11. Nb1 Ra8 12. Nc3 Nh5 13. Bg5 h6 14. Bh4 g5 15. Nxg5 hxg5 16. Qxh5 Nf6 17. Qxg5 Ra3 18. Rfc1 Qd6 19. Rab1 Re8 20. Bg3 Qe6 21. h3 Ne4 22. Nxe4 dxe4 23. Bc4 Qh6 24. Qc5 Bxh3 25. gxh3 Rxe3 26. fxe3 Qxe3+ 27. Bf2 Qxh3 28. Rc3 Qh7 29. Rf1 e6 30. Rg3 Kh8 31. Be3 f5 32. Kg2 1-0

[Event "Amposta Balague Memorial 2nd"]
[Site "Amposta"]
[Date "2015.07.15"]
[Round "2"]
[White "Mellado Trivino, Juan"]
[Black "Biosca Caballe, Nestor"]
[Result "1-0"]
[WhiteElo "2442"]
[BlackElo "2015"]
[PlyCount "31"]
[EventDate "2015.07.15"]
[EventType "swiss"]
[EventRounds "9"]
[EventCountry "ESP"]
[SourceTitle "CBM 167 Extra"]
[Source "ChessBase"]
[SourceDate "2015.09.14"]
[SourceVersion "1"]
[SourceVersionDate "2015.09.14"]
[SourceQuality "1"]

1. d4 d5 2. Nc3 c6 3. e4 dxe4 4. Bc4 Bf5 5. f3 Nf6 6. fxe4 Bxe4 7. Nxe4 Nxe4 8. Nf3 e6 9. 0-0 Nd7 10. Qe2 Nef6 11. Ng5 Qe7 12. Bf4 h6 13. Nxe6 fxe6 14. Bxe6 0-0-0 15. Qe5 Nd5 16. Qb8# 1-0